Текст томруулах:    
Marine reserves (Бичлэгийн дугаар. 146120)
000 -УДИРДЛАГА
Удирдлага 01407nam a22003857a 4500
003 - ХЯНАЛТЫН ТОО ТОДОРХОЙЛОГЧ
Код MN-UlNUM
005 - БИЧИЛТ ХИЙСЭН ОГНОО
Тухайн бичилтийг бичсэн засварласан сүүлийн огноо 20260107192038.0
008 - ЕРӨНХИЙ МЭДЭЭЛЭЛ
Ерөнхий мэдээлэл 260107s2004 dcuab b 001 0 eng
040 ## - БИЧЛЭГ ҮҮСГЭГЧ БАЙГУУЛЛАГА
Бичлэг үүсгэгч номын сангийн код МУИС-ийн номын сан
084 ## - ББК АНГИЛАЛ
Нэмэлт тусгалт Гарын авлага
ББК ангилал 65.28
Зохиогчийн гурван тэмдэгт S 70
Мэдлэгийн ялгаа 65 - Эдийн засаг
100 1# - ЗОХИОГЧ
Зохиогчийн нэр Sobel, Jack A.
245 10 - ҮНДСЭН ГАРЧИГ
Номын нэр Marine reserves
Бага гарчгийн мэдээ A guide to science, design, and use
Оролцогчдын тухай мэдээ Jack A. Sobel, Craig P. Dalgren
260 ## - ГАРАЛТЫН МЭДЭЭ
Хэвлэгдсэн газар Washington, D.C.
Хэвлэлийн газар Island Press
Хэвлэгдсэн он 2004
300 ## - МАТЕРИАЛЫН ТОДОРХОЙЛОЛТ
хуудасны тоо xviii, 383 p.
Бусад тоон мэдээлэл ill., maps
Хэмжээ 27 cm
500 ## - Тайлбар
Дансны дугаар БС 6093
546 ## - ХЭЛНИЙ ТУХАЙ МЭДЭЭ
Хэл Англи хэл дээр,
653 ## - Түлхүүр үг
Түлхүүр үг Marine parks and reserves
700 1# - ХАМ ЗОХИОГЧИД
Ба бус Dalgren, Craig P.
740 ## - НОМЫН ГАРЧИГ
Гарчиг Principles and Concepts
740 ## - НОМЫН ГАРЧИГ
Гарчиг Our Oceans in Trouble
740 ## - НОМЫН ГАРЧИГ
Гарчиг The State of Marine Ecosystems and Fisheries
740 ## - НОМЫН ГАРЧИГ
Гарчиг Fishing and Its Impacts
740 ## - НОМЫН ГАРЧИГ
Гарчиг What Marine Reserves Can Accomplish
740 ## - НОМЫН ГАРЧИГ
Гарчиг Design and Designation of Marine Reserve
740 ## - НОМЫН ГАРЧИГ
Гарчиг Social Dimensions of Marine Reserves
740 ## - НОМЫН ГАРЧИГ
Гарчиг Research Priorities and Techniques
740 ## - НОМЫН ГАРЧИГ
Гарчиг Global Experience and Case Studies
740 ## - НОМЫН ГАРЧИГ
Гарчиг California's Channel Islands and the U.S. West Coast
740 ## - НОМЫН ГАРЧИГ
Гарчиг Bahamian Marine Reserves-Past Experience and Future Plans
740 ## - НОМЫН ГАРЧИГ
Гарчиг Belize's Evolving System of Marine Reserves
740 ## - НОМЫН ГАРЧИГ
Гарчиг Global Review: Lessons from Around the World
942 ## - ЭЛЕМЕНТИЙН ТӨРӨЛ
Зүйлийн төрөл Ном